| 000 | 01171cab a2200301 4500 | ||
|---|---|---|---|
| 001 | WB3135-07 | ||
| 008 | 090401t1995 xxu||||| |||| 00| 0 eng d | ||
| 035 | _a(Sirsi) u70349 | ||
| 041 | _aeng | ||
| 245 | _aApathy as PFI `fails` | ||
| 260 | _c1995 | ||
| 350 | _a0 | ||
| 490 |
_aEstates Times _v(1294) 15 September 1995, 4(1) |
||
| 490 |
_aSunday Times _v17 September 1995, 5(1) |
||
| 490 |
_aRICS Press Release _vPR125/95INFRA, 22 September 1995, (3) |
||
| 520 | _aAs the private finance initiative appears to be faultering in its aims, a survey by the DoE`s construction sponsorship unit has found that there is little awareness or interest of the PFI within the property and construction industry. This comes as the RICS publishes a guide on the PFI `The Private Finance Initiative: The Essential Guide`. | ||
| 650 | _aCONSTRUCTION SPONSORSHIP UNIT | ||
| 650 | _aFINANCING | ||
| 650 | _aHOUSING ASSOCIATIONS | ||
| 650 | _aHOUSING CORPORATION | ||
| 650 | _aPFI | ||
| 650 | _aPROJECT FUNDING | ||
| 650 | _aPROPERTY FINANCE INITIATIVE | ||
| 650 | _aRICS GUIDE | ||
| 690 | _aBUILDING AND CONSTRUCTION-ECONOMICS | ||
| 942 | _n0 | ||
| 948 | _c04/03/1997 | ||
| 999 |
_c44235 _d44235 |
||